फादर कामिल बुल्के / (Record no. 114710)

MARC details
000 -LEADER
fixed length control field 01086nam a22002537a 4500
005 - DATE AND TIME OF LATEST TRANSACTION
control field 20170124103012.0
010 ## - LIBRARY OF CONGRESS CONTROL NUMBER
LC control number B-065950
020 ## - INTERNATIONAL STANDARD BOOK NUMBER
Terms of availability 25.00
International Standard Book Number 8126014164
035 ## - SYSTEM CONTROL NUMBER
System control number B-065950
037 ## - SOURCE OF ACQUISITION
Source of stock number/acquisition Cen Lib/Ret
040 ## - CATALOGING SOURCE
Original cataloging agency DPL
Language of cataloging HN
082 ## - DEWEY DECIMAL CLASSIFICATION NUMBER
Classification number 820.92
Item number प्रसाद
100 ## - MAIN ENTRY--PERSONAL NAME
Personal name प्रसाद, दिनेश्वर
9 (RLIN) 58001
245 ## - TITLE STATEMENT
Title फादर कामिल बुल्के /
Statement of responsibility, etc दिनेश्वर प्रसाद
246 ## - VARYING FORM OF TITLE
Title proper/short title Fader kamil bulke
Remainder of title by Dineshwar Prasad
260 ## - PUBLICATION, DISTRIBUTION, ETC. (IMPRINT)
Place of publication, distribution, etc नई दिल्ली
Name of publisher, distributor, etc साहित्य अकादेमी
Date of publication, distribution, etc 2002
270 ## - ADDRESS
Address रविन्द्र भवन 35, फिरोज़शाह मार्ग
City नई दिल्ली
Postal code 110001
300 ## - PHYSICAL DESCRIPTION
Extent 116पृष्ठ.
Dimensions 20सेमी(सजिल्द)
650 ## - SUBJECT ADDED ENTRY--TOPICAL TERM
Topical term or geographic name as entry element हिंदी साहित्य
9 (RLIN) 58003
650 ## - SUBJECT ADDED ENTRY--TOPICAL TERM
Topical term or geographic name as entry element हिंदी राम कथा
9 (RLIN) 58004
650 ## - SUBJECT ADDED ENTRY--TOPICAL TERM
Topical term or geographic name as entry element hindi literature
9 (RLIN) 58005
650 ## - SUBJECT ADDED ENTRY--TOPICAL TERM
Topical term or geographic name as entry element Hindi Ram Katha
9 (RLIN) 58006
942 ## - ADDED ENTRY ELEMENTS (KOHA)
Source of classification or shelving scheme Dewey Decimal Classification
Koha item type Hindi Books
Classification part 820.92
Call number suffix प्रसाद
Holdings
Withdrawn status Lost status Damaged status Not for loan Home library Current library Date acquired Source of acquisition Cost, normal purchase price Total Checkouts Full call number Barcode Date last seen Date checked out Copy number Cost, replacement price Price effective from Koha item type
        Central Library Central Library 18/08/2015 Cen Lib/Ret 25.00 2 820.92 प्रसाद B-065950 17/10/2019 01/10/2019 1 25.00 18/08/2015 Hindi Books

© Delhi Public Library
Hit Counter
free hit counter